Music culture of North-East India / (Record no. 24141)
[ view plain ]
| 000 -LEADER | |
|---|---|
| fixed length control field | 03555nam a22004331 4500 |
| 005 - DATE AND TIME OF LATEST TRANSACTION | |
| control field | 20050808122104.0 |
| 008 - FIXED-LENGTH DATA ELEMENTS--GENERAL INFORMATION | |
| fixed length control field | 721219s1962 nyu 000 0 eng |
| 010 ## - LCCN (DPL NO) | |
| LC control number | ENG-93727 B-340320-330 |
| 020 ## - INTERNATIONAL STANDARD BOOK NUMBER | |
| International Standard Book Number | 9788186208557 |
| Terms of availability | 495.00 |
| 020 ## - INTERNATIONAL STANDARD BOOK NUMBER | |
| International Standard Book Number | 8186208550 |
| Terms of availability | 495.00 |
| 035 ## - SYSTEM CONTROL NUMBER | |
| System control number | EN-77260 |
| 035 ## - SYSTEM CONTROL NUMBER | |
| System control number | B-340320-330 |
| 037 ## - SOURCE OF ACQUISITION | |
| Source of stock number/acquisition | DBAD / PUB |
| 037 ## - SOURCE OF ACQUISITION | |
| Source of stock number/acquisition | Raj Publications |
| 040 ## - CATALOGING SOURCE | |
| Original cataloging agency | dpl |
| Language of cataloging | English |
| 082 ## - DEWEY DECIMAL CLASSIFICATION NUMBER | |
| Classification number | 780.9545 |
| 100 ## - MAIN ENTRY--PERSONAL NAME | |
| Personal name | Sharma, Prabal |
| 245 ## - TITLE STATEMENT | |
| Title | Music culture of North-East India / |
| Statement of responsibility, etc | by Prabal Sharma |
| 260 ## - PUBLICATION, DISTRIBUTION, ETC. (IMPRINT) | |
| Place of publication, distribution, etc | New Delhi |
| Name of publisher, distributor, etc | Raj Publications |
| Date of publication, distribution, etc | 2008 |
| 270 ## - ADDRESS | |
| Address | 108, 4855/24, Ansari Road, Daryaganj |
| City | New Delhi |
| Postal code | 110002 |
| Telephone number | 30120939 |
| -- | 9811010939 |
| Electronic mail address | rajpublications@yahoo.co.in |
| 300 ## - PHYSICAL DESCRIPTION | |
| Extent | 232 p. |
| Dimensions | 23 cm. (Hb) |
| 500 ## - GENERAL NOTE | |
| General note | Includes bibliographical references |
| 650 ## - SUBJECT ADDED ENTRY--TOPICAL TERM | |
| Topical term or geographic name as entry element | Music |
| Geographic subdivision | India |
| -- | North East Frontier Agency. |
| 650 ## - SUBJECT ADDED ENTRY--TOPICAL TERM | |
| Topical term or geographic name as entry element | Musical instruments |
| Geographic subdivision | India |
| -- | North East Frontier Agency. |
| 942 ## - ADDED ENTRY ELEMENTS (KOHA) | |
| Source of classification or shelving scheme | Dewey Decimal Classification |
| Item type | English Books |
| Classification part | 780.9545 |
| Call number suffix | SHA |
| Withdrawn status | Lost status | Source of classification or shelving scheme | Damaged status | Not for loan | Collection code | Home library | Current library | Date acquired | Source of acquisition | Cost, normal purchase price | Total Checkouts | Full call number | Barcode | Date last seen | Copy number | Cost, replacement price | Koha item type |
|---|---|---|---|---|---|---|---|---|---|---|---|---|---|---|---|---|---|
| Dewey Decimal Classification | Non-fiction | Bawana | Bawana | 20/07/2009 | Raj Publications/21/8.6.09/61/5.6.09/17.6.09 | 495.00 | 1 | 780.9545 SHA | B-340329 | 18/09/2019 | 1 | 495.00 | English Books | ||||
| Dewey Decimal Classification | Non-fiction | Central Library | Central Library | 20/07/2009 | Raj Publications/21/8.6.09/61/5.6.09/17.6.09 | 495.00 | 1 | 780.9545 SHA | B-340320 | 15/12/2022 | 1 | 495.00 | English Books | ||||
| Dewey Decimal Classification | Not For Loan | Non-fiction | D.B.Act.Division | D.B.Act.Division | 26/05/2009 | DBAD / PUB | 495.00 | 780.9545 SHA | EN-77260 | 26/05/2009 | 1 | 450.00 | English Books | ||||
| Dewey Decimal Classification | Non-fiction | Janak Puri | Janak Puri | 20/07/2009 | Raj Publications/21/8.6.09/61/5.6.09/17.6.09 | 495.00 | 780.9545 SHA | B-340324 | 20/07/2009 | 1 | 495.00 | English Books | |||||
| Dewey Decimal Classification | Non-fiction | Karol Bagh | Karol Bagh | 20/07/2009 | Raj Publications/21/8.6.09/61/5.6.09/17.6.09 | 495.00 | 780.9545 SHA | B-340327 | 20/07/2009 | 1 | 495.00 | English Books | |||||
| Dewey Decimal Classification | Non-fiction | Narela | Narela | 20/07/2009 | Raj Publications/21/8.6.09/61/5.6.09/17.6.09 | 495.00 | 780.9545 SHA | B-340328 | 20/07/2009 | 1 | 495.00 | English Books | |||||
| Dewey Decimal Classification | Non-fiction | Patel Nagar | Patel Nagar | 20/07/2009 | Raj Publications/21/8.6.09/61/5.6.09/17.6.09 | 495.00 | 1 | 780.9545 SHA | B-340321 | 27/05/2019 | 1 | 495.00 | English Books | ||||
| Dewey Decimal Classification | Non-fiction | Peshwa Road | Peshwa Road | 20/07/2009 | Raj Publications/21/8.6.09/61/5.6.09/17.6.09 | 495.00 | 780.9545 SHA | B-340322 | 20/07/2009 | 1 | 495.00 | English Books | |||||
| Dewey Decimal Classification | Non-fiction | Sarojini Nagar | Sarojini Nagar | 20/07/2009 | Raj Publications/21/8.6.09/61/5.6.09/17.6.09 | 495.00 | 4 | 780.9545 SHA | B-340325 | 20/02/2019 | 1 | 495.00 | English Books | ||||
| Dewey Decimal Classification | Non-fiction | Shahdara Branch | Shahdara Branch | 20/07/2009 | Raj Publications/21/8.6.09/61/5.6.09/17.6.09 | 495.00 | 780.9545 SHA | B-340330 | 20/07/2009 | 1 | 495.00 | English Books | |||||
| Dewey Decimal Classification | Non-fiction | Tri Nagar | Tri Nagar | 20/07/2009 | Raj Publications/21/8.6.09/61/5.6.09/17.6.09 | 495.00 | 780.9545 SHA | B-340323 | 20/07/2009 | 1 | 495.00 | English Books | |||||
| Written-off vide DLB M. No. 383 dt 16.05.19 | Dewey Decimal Classification | Non-fiction | Vinoba Puri | Vinoba Puri | 20/07/2009 | Raj Publications/21/8.6.09/61/5.6.09/17.6.09 | 495.00 | 780.9545 SHA | B-340326 | 20/07/2009 | 1 | 495.00 | English Books |
